Abeceda praktické mechaniky : uvedení do technické mechaniky, nauky o mechanismech a částech strojů s přehledem motorů a pracovních strojů /

Hlavní autor: Krutina, Jaroslav
Jazyk: Čeština
Vydáno: Praha : Práce, 1954
Vydání: Vyd. 3.
Edice: Knižnice Svazu zaměstnanců strojírenství
Témata:
Externí odkaz: Digitalizovaný dokument
Fyzický popis: 271 s.
Knihy
Uloženo v:
LEADER 01214nam a22002892a 4500
001 000363799
003 CZ BrMZK
005 20191031132041.0
007 ta
008 980107s1954 xr f cze d
015 |a cnb000423952 
035 |a (OCoLC)85184210 
040 |a BOA001  |b cze 
100 1 |a Krutina, Jaroslav  |7 jk01063603  |4 aut 
245 1 0 |a Abeceda praktické mechaniky :  |b uvedení do technické mechaniky, nauky o mechanismech a částech strojů s přehledem motorů a pracovních strojů /  |c Jaroslav Krutina 
250 |a Vyd. 3. 
260 |a Praha :  |b Práce,  |c 1954 
300 |a 271 s. 
490 1 |a Knižnice Svazu zaměstnanců strojírenství ;  |v sv. 12 
830 0 |a Knižnice Svazu zaměstnanců strojírenství  |0 s 
856 4 1 |u http://www.digitalniknihovna.cz/mzk/uuid/uuid:ef66f2f0-bb0c-11e3-9d7d-005056827e51  |y Digitalizovaný dokument  |x NDK 
910 |a BOA001  |b PK-0008.005  |b TK-0052.652  |b 2-0324.161 
920 |a 000629424 
964 |a Mechanika praktická - úvody 
990 |a BK 
996 6 |b 2618803029  |c 2-0324.161  |l MZK  |r Sklad / do 24 hodin  |n 0  |w 000363799  |u 000050  |a 1  |e BOA001  |j MZK50  |s P 
996 7 |b 3119808610  |c PK-0008.005  |l MZK  |r Sklad / do 1 hodiny  |n 3  |w 000363799  |u 000010  |a 1  |e BOA001  |j MZK50  |s A